| 000 | 00542nam a22001937a 4500 | ||
|---|---|---|---|
| 003 | CEME | ||
| 005 | 20210628210009.0 | ||
| 008 | 201230b xxu||||| |||| 00| 0 eng d | ||
| 020 | _a9788126542642 | ||
| 040 | _cceme | ||
| 082 | _a621.4021 MOR | ||
| 100 |
_aMoran, Michael J _9135 |
||
| 245 | _aPrinciples of engineering thermodynamics | ||
| 260 |
_aINDIA _bWILEY _c2014 |
||
| 300 | _aXIII, 923P | ||
| 650 |
_aENGINEERING THERMODYNAMICS. THERMODYNAMICS _977771 |
||
| 700 |
_aSHAPIRO, HOWARD N,SHAPIRO, HOWARD N _977772 |
||
| 942 |
_cBK _2ddc |
||
| 999 |
_c582990 _d582990 |
||